| 000 | 01001cam a2200265 i 4500 | ||
|---|---|---|---|
| 003 | SA-RiAUC | ||
| 005 | 20241229070719.0 | ||
| 008 | 241229s2000 su g 00010 ara d | ||
| 020 | _a9960393321 | ||
| 040 |
_aAE-AdMPA _bara _cSA-RiAUC _erda |
||
| 043 | _aa-su--- | ||
| 082 | 0 | 4 | _a323.09531 |
| 090 |
_a323.09531 _bش ر ي |
||
| 100 | 1 |
_aالشريدة، صالح بن عبدالرحمن الصالح. _eمؤلف. |
|
| 245 | 1 | 0 |
_aحقوق الإنسان في المملكة العربية السعودية / _cصالح بن عبدالرحمن الصالح الشريدة. |
| 264 | 1 |
_aالرياض : _bالمؤلف، _c2001 |
|
| 300 |
_a2 مجلد ؛ _c25 سم |
||
| 336 |
_aنص _btxt _2rdacontent _3كتاب |
||
| 337 |
_aبدون وسيط _bn _2rdamedia |
||
| 338 |
_aمجلد _bnc _2rdacarrier |
||
| 650 | 1 | 7 |
_aحقوق الإنسان _zالسعودية _2aucsh |
| 650 | 1 | 7 |
_aالحقوق المدنية _zالسعودية _2aucsh |
| 942 |
_2ddc _cBOOK |
||
| 949 |
_aSA-JeALM _d241229 _ukhaled123 _n1 |
||
| 999 |
_c4024 _d4024 |
||